000 00547nam a2200181Ia 4500
005 20250923144351.0
008 008 250917s9999 xx 000 0 eng d
037 _aTextual
040 _aDSWL
_beng
_cDSWL
041 _aeng
_2eng
084 _aY11:45:5, H8
_qDSWL
100 _aEllingston, J.R.
_9824163
245 0 _aProtecting our children from criminal careers
_cby J.R. Ellingston
260 _aNew York
_b Prentice Hall
_c1948
300 _a374 p.
942 _cTEXL
_hY11:45:5, H8
999 _c1437968
_d1437968